000 01188nam0a22002651 4500
001 rc\1128676
005 20250622190153.0
035 _a(NLR Aleph) 006370616
090 _a4992638
_c4992638
100 _a20041126d1981 |||y0rusy50 ca
101 0 _arus
102 _aRU
105 _aa |||||||||
200 1 _aВредные грызуны, фитонематоды Западной Сибири и борьба с ними
_e[Сб. статей
_fОтв. ред. О.А. Иванов, к. б. н.]
210 _aНовосибирск
_cСО ВАСХНИЛ
_d1981
215 _a50 с.
_cил.
_d20
225 1 _aНаучно-технический бюллетень
_fВАСХНИЛ. Сиб. отд-ние, Сиб. НИИ земледелия и химизации сел. хоз-ва
_vВып. 37 [1]
320 _aБиблиогр. в конце статей
702 1 _4340
_7ca
_8rus
_aИванов
_bО. А.
_cканд. биол. наук, защита растений
_f1929-
_gОлег Александрович
_9231658
_3RU\NLR\AUTH\770231714
801 0 _aRU
_bNLR
_gpsbo
801 1 _aRU
_bELAR
_2rusmarc
852 _aNLR
_jП13/1624
942 _cBOOK
980 _aNB